000 00218nam a22000857a 4500
008 170608b xxu||||| |||| 00| 0 eng d
100 _93340
_aShankar. A
245 _aShankar
260 _aNew Delhi
_bChildren's Book Trust
_c1984
999 _c6659
_d6659